Statistics for Identify each of the 8 Species of Bear (photo hints)

Click here to take the quiz!

General Stats

  • This quiz has been taken 147 times
    (146 since last reset)
  • The average score is 6 of 8

Answer Stats

HintAnswer% Correct
Panda bear
100%
Polar Bear
99%
Brown Bear
94%
Sun Bear
67%
North American Black Bear
56%
Asiatic Black Bear
52%
Sloth Bear
48%
Andean Bear
45%

Score Distribution

Percentile by Number Answered

Percent of People with Each Score

Your Score History

You have not taken this quiz since the last reset